000 00874nam a22002537a 4500
003 OSt
005 20210219161338.0
008 210219b ||||| |||| 00| 0 eng d
020 _a0582777070
020 _a9780582777071
040 _aPHNSL
_cPHNSL
245 _aFoundations of nursing and first aid /
_cD.S. Usman ... [et al].
250 _a6th ed.
260 _aEdinburgh :
_a New York :
_bChurchill Livingstone,
_c1983.
300 _ax, 362 p. :
_bill.
490 _aTropical health series
500 _aRevised edition of: Foundations of nursing and first aid / by Janet S. Ross, Kathleen J.W. Wilson. 5th ed. 1970.
501 _aIncludes index.
650 _aNursing
_vFirst aid in illness and injury
_xFirst Aid
650 _aNursing Care
700 _aUsman, D. S.
700 _aRoss, Janet S.
_eFoundations of nursing and first aid.
942 _2lcc
_cBK
999 _c468
_d468